Central Library OPAC University of Rajshahi

Public finance surveys : (Record no. 43722)

MARC details
000 -LEADER
fixed length control field 00630nam a2200217 a 4500
001 - CONTROL NUMBER
control field 43722
003 - CONTROL NUMBER IDENTIFIER
rucl marc code BD-RjUL
005 - DATE AND TIME OF LATEST TRANSACTION
control field 20211209053737.0
008 - FIXED-LENGTH DATA ELEMENTS--GENERAL INFORMATION
fixed length control field 830421s1951 nyu|| ||||||| 0 |eng|
020 ## - INTERNATIONAL STANDARD BOOK NUMBER
Terms of availability : TK 75.00
035 ## - SYSTEM CONTROL NUMBER
System control number (BD-RjUL)43840
040 ## - CATALOGING SOURCE
Original cataloging agency DLC
Transcribing agency CarP
Modifying agency BD-RjUL
Language of cataloging eng
041 ## - LANGUAGE CODE
Language code of text/sound track or separate title eng
082 ## - DEWEY DECIMAL CLASSIFICATION NUMBER
Edition number 23
Author mark and year UNP 1952
Classification number 336.54
110 2# - MAIN ENTRY--CORPORATE NAME
Corporate name or jurisdiction name as entry element United Nations.
Subordinate unit Department of Economic Affairs.
9 (RLIN) 117448
245 10 - TITLE STATEMENT
Title Public finance surveys :
Remainder of title India /
260 ## - PUBLICATION, DISTRIBUTION, ETC. (IMPRINT)
Place of publication, distribution, etc. New York :
Name of publisher, distributor, etc. Department of Economic Affairs,
Date of publication, distribution, etc. 1951.
300 ## - PHYSICAL DESCRIPTION
Pagination vi, 101 p. ;
Size 23 cm.
650 #0 - SUBJECT ADDED ENTRY--TOPICAL TERM
Topical term or geographic name as entry element Finance, Public
Geographic subdivision India.
9 (RLIN) 117331
942 ## - ADDED ENTRY ELEMENTS (KOHA)
Source of classification or shelving scheme Dewey Decimal Classification
Koha item type Books
Holdings
Lost status Source of classification or shelving scheme Damaged status Not for loan Collection code Permanent Location Current Location Shelving location Date acquired Source of acquisition Cost, normal purchase price Total Checkouts Full call number Date last seen Copy number Koha item type
  Dewey Decimal Classification     Non-fiction Central Library, University of Rajshahi Central Library, University of Rajshahi   05/12/1955 Thomas & Thomas 2.10   336.54 UNP 1952 26/06/2016 C-2 Books